000 01122nam a22003491c 4500
001 a987681027
008 161209s2009 gw |||| 000u ger d
020 _a9783110217827
_a3-11-021782-1
_9978-3-11-021782-7
041 _ager
245 0 4 _aDie Lesbarkeit der Romantik :
_bMaterial, Medium, Diskurs /
_cherausgegeben von Erich Kleinschmidt
264 _aBerlin :
_bde Gruyter,
_c2009
300 _aVI, 343 S.
336 _aText
_btxt
_2rdacontent
337 _aComputermedien
_bc
_2rdamedia
338 _aOnline-Ressource
_bcr
_2rdacarrier
500 _aE-Book-ProQuest / Fernzugriff nach Registrierung möglich
500 _aIncludes bibliographical references
648 0 _a1790-1830
650 0 _aDeutsch
650 0 _aDiskurs
650 0 _aKultur
650 0 _aLiteratur
650 0 _aRomantik
650 0 _aWissensorganisation
651 0 _aDeutschland
655 0 _aFernzugriff
700 1 _aKleinschmidt, Erich
_eHerausgeberIn
856 4 _uhttp://ebookcentral.proquest.com/lib/maxweberstiftung-ebooks/detail.action?docID=511880
942 _cEB
040 _cRU-10907106
003 RU-10907106
999 _c54244
_d54244